| 000 | 01094nam a2200325Ia 4500 | ||
|---|---|---|---|
| 001 | dia_2411 | ||
| 003 | CHAP | ||
| 005 | 20230508093233.0 | ||
| 008 | 220117s1980 xx 000 0 und d | ||
| 010 | _a172934 | ||
| 020 | _a84-03-20997-5 | ||
| 040 | _cCHAP | ||
| 082 | _a660 O26 1980 | ||
| 100 |
_aOcon García, Joaquín _9152781 |
||
| 245 |
_aProblemas de ingeniería química : operaciones básicas / _c Joaquín Ocon García y Gabriel Tojo Barreiro |
||
| 250 | _a3a ed. | ||
| 260 |
_aEspaña : _b Aguilar, _c1980 |
||
| 300 | _a2 t. | ||
| 400 | _aCOLECCIÓN CIENCIA Y TÉCNICA | ||
| 500 | _aLos ejemplares 2, 3, 5, 6, 7, 8 del tomo 1 y los ejemplares 3, 4, 5, 6, 7 del tomo 2 son material fotocopiado. | ||
| 503 | _aD. (ej. 4 T.1) | ||
| 590 | _aTP155 O26 1980 | ||
| 650 |
_aChemical engineering _9147048 |
||
| 650 |
_aIngeniería química _xProblemas y ejercicios _9152782 |
||
| 700 |
_aTojo Barreiro, Gabriel, coaut. _9152783 |
||
| 901 | _a660 O26 1980 | ||
| 902 | _aM | ||
| 905 | _a5232271980 SP amn 8222223322SPA16 | ||
| 942 |
_cLIBRO _2ddc |
||
| 999 |
_c172934 _d172934 |
||